00669nam a22002177a 450000500170000000800410001704000070005824500310006525000280009649000240012452001590014865000150030765000120032265000190033465000170035365000160037065000100038694200120039699900150040895200280042320250519110036.0250519b |||||||| |||| 00| 0 eng d cDO aMarco polo venice to china aMay 2001 Vol. 199 No. 5 aNational Geographic aThe Adventures of Marco Polo, Jaguars, Black Sea Mysteries, Deadly Haven: Mexico's Poisonous Cave, Pterosaurs, The Fragile World of Frogs, Jamestown, NM xMARCO POLO xJAGUARS xDEEP BLACK SEA xDEADLY HAVEN xPTEROSAURUS xFROGS 2ddccCR c5525d5525 aDObDOpDSMSR052001-059